000 00275nam a22001217a 4500
999 _c5618
_d5616
005 20210828171343.0
008 171023b xxu||||| |||| 00| 0 eng d
041 _aeng
082 _a346.07
245 _aBUSINESS LOWS, COMMUNICATION AND ETHICS
300 _a468p.
942 _cBK